WWII Battles: Allied or Axis Victory? Click Quiz - Statistics

General Stats
  • This quiz has been taken 4,767 times
  • The average score is 13 of 18
Answer Stats
Hint Explanation Answer % Correct
Who won the
Battle of Stalingrad?
Soviet victory - Feb. 1943 Allies
94%
Who won the
Attack on Pearl Harbor?
Japanese victory - Dec. 1941 Axis
92%
Who won the
Battle of Iwo Jima?
American victory - Mar. 1945 Allies
90%
Who won the
Battle of Midway?
American victory - Jun. 1942 Allies
89%
Who won the
Battle of Moscow?
Soviet victory - Jan. 1942 Allies
84%
Who won the
Siege of Warsaw?
German victory - 1939 Axis
81%
Who won the
Battle of the Bulge
Allied victory - Jan. 1945 Allies
75%
Who won the
Siege of Leningrad?
Soviet victory - Jan. 1944 Allies
74%
Who won the
Battle of Dunkirk?
German victory - Jun. 1940 Axis
72%
Who won the
Battle of Monte Cassino?
Allied victory - May 1944 Allies
71%
Who won the
Siege of Malta?
Allied victory - Nov. 1942 Allies
69%
Who won the
Naval Battle of the Barents Sea?
British victory - Dec. 1942 Allies
67%
Who won the
Battle of Tunisia?
Allied victory - Mar. 1943 Allies
67%
Who won the
Battle of Java?
Japanese victory - Mar. 1942 Axis
63%
Who won the
Battle of Bataan?
Japanese victory - Apr. 1942 Axis
58%
Who won the
Battle of Crete?
Axis victory - Jun. 1941 Axis
57%
Who won the
Battle of Sedan?
German victory - May 1940 Axis
53%
Who won the
Raid on Alexandria?
Italian victory - Dec. 1941 Axis
47%
No matching quizzes found
Score Distribution
Percent of People with Each Score
Percentile by Number Answered
Your Score History
You have not taken this quiz